00553 a2200181 4500020001800000020003800018020002200056040001300078082001100091100002100102245005700123250001100180260003500191300002400226500007500250650002400325700002200349 a0-471-41526-X a0-471-68057-5 (International ed.) a978-0-471-41526-8 aDLCbDLC04a530.411 aKittel, Charles,10aIntroduction to solid state physics cCharles Kittel a8. ed. aHoboken, N.J. :bWiley,cc2005 axix, 680 s. :bill. a"Chapter 18, Nanostructures, was written by Professor Paul McEuen ..." 7aSolid state physics1 aMcEuen, Paul4aut